[Event "Remote Superturnier 20 email"]
[Site "Remote email"]
[Date "2014.02.13"]
[Round "?"]
[White "Svrsek, Radomir"]
[Black "Valverde Lopez, Mario"]
[Result "1-0"]
[WhiteElo "2369"]
[BlackElo "1988"]
[PlyCount "95"]
[EventDate "2014.??.??"]
[EventType "tourn (corr)"]
[EventRounds "14"]
[EventCountry "GER"]
[SourceTitle "Corr 2015"]
[Source "ChessBase"]
[SourceDate "2015.07.17"]
[SourceVersion "1"]
[SourceVersionDate "2015.07.17"]
[SourceQuality "1"]

1. d4 d5 2. Nf3 Nf6 3. c4 c6 4. e3 Bf5 5. Nc3 e6 6. Nh4 Bg6 7. Nxg6 hxg6 8. Bd2 Qc7 9. g3 Nbd7 10. c5 Be7 11. b4 0-0 12. Rb1 b5 13. a4 a6 14. Bg2 e5 15. 0-0 g5 16. Ra1 Rfe8 17. Ra2 Qb7 18. e4 dxe4 19. Bxg5 Nd5 20. Nxe4 Nxb4 21. Rb2 Bxg5 22. Nd6 Qc7 23. Qh5 Nf6 24. Qxg5 Nbd5 25. axb5 axb5 26. dxe5 Nd7 27. Nxe8 Rxe8 28. Bxd5 cxd5 29. e6 Ne5 30. exf7+ Qxf7 31. f4 Nc4 32. Rxb5 Nd2 33. c6 Nxf1 34. Kxf1 d4 35. Rc5 Qb3 36. Qd5+ Qxd5 37. Rxd5 Kf7 38. Rxd4 Rc8 39. Rd6 Ke7 40. Rg6 Kf7 41. f5 Rb8 42. h4 Rh8 43. Ke2 Rb8 44. h5 Re8+ 45. Kf3 Rd8 46. Ke4 Rd1 47. g4 Rg1 48. Kd5 1-0

[Event "Remote 4er 0241 email"]
[Site "Remote email"]
[Date "2014.02.02"]
[Round "?"]
[White "Galje, Hans"]
[Black "Valverde Lopez, Mario"]
[Result "1-0"]
[WhiteElo "2339"]
[BlackElo "2021"]
[PlyCount "41"]
[EventDate "2014.??.??"]
[EventType "tourn (corr)"]
[EventRounds "6"]
[EventCountry "GER"]
[SourceTitle "Corr 2015"]
[Source "ChessBase"]
[SourceDate "2015.07.17"]
[SourceVersion "1"]
[SourceVersionDate "2015.07.17"]
[SourceQuality "1"]

1. d4 e5 2. dxe5 Nc6 3. Nf3 Qe7 4. Bf4 Qb4+ 5. Bd2 Qxb2 6. Nc3 Bb4 7. Rb1 Qa3 8. Rb3 Qa5 9. a3 Bxc3 10. Bxc3 Qc5 11. e3 Nge7 12. Bd3 b6 13. 0-0 0-0 14. Bxh7+ Kxh7 15. Ng5+ Kg6 16. Ne4 Qc4 17. Qg4+ Kh6 18. Qg5+ Kh7 19. Qh5+ Kg8 20. Ng5 Rd8 21. e6 1-0

[Event "Remote 4er 0241 email"]
[Site "Remote email"]
[Date "2014.02.02"]
[Round "?"]
[White "Krause, Peter"]
[Black "Valverde Lopez, Mario"]
[Result "1-0"]
[WhiteElo "2477"]
[BlackElo "1988"]
[PlyCount "83"]
[EventDate "2014.??.??"]
[EventType "tourn (corr)"]
[EventRounds "6"]
[EventCountry "GER"]
[SourceTitle "Corr 2015"]
[Source "ChessBase"]
[SourceDate "2015.07.17"]
[SourceVersion "1"]
[SourceVersionDate "2015.07.17"]
[SourceQuality "1"]

1. e4 e5 2. Nf3 Nf6 3. Nxe5 Nxe4 4. Qe2 Qe7 5. Qxe4 d6 6. d4 dxe5 7. dxe5 Nc6 8. Nc3 Qxe5 9. Qxe5+ Nxe5 10. Nb5 Bb4+ 11. Bd2 Bxd2+ 12. Kxd2 Kd8 13. Re1 Nc6 14. Bc4 Bd7 15. Kc1 f6 16. f4 a6 17. Nc3 Re8 18. Rd1 Kc8 19. Bd5 h6 20. Bf3 g5 21. Bh5 Rf8 22. Rhf1 f5 23. fxg5 hxg5 24. Ne4 f4 25. Nxg5 Ne5 26. h4 b5 27. Rde1 Rh8 28. Bd1 Nc4 29. Rxf4 Kb7 30. Nf7 Raf8 31. h5 Kb6 32. Nxh8 Rxf4 33. Ng6 Rf7 34. g4 Kc5 35. h6 Kd6 36. g5 Be6 37. Rh1 Rh7 38. Nf8 Rh8 39. Nxe6 Kxe6 40. g6 Rd8 41. Rf1 Nd2 42. g7 1-0

[Event "Remote 4er 0241 email"]
[Site "Remote email"]
[Date "2014.02.02"]
[Round "?"]
[White "Valverde Lopez, Mario"]
[Black "Krause, Peter"]
[Result "0-1"]
[WhiteElo "2021"]
[BlackElo "2472"]
[PlyCount "66"]
[EventDate "2014.??.??"]
[EventType "tourn (corr)"]
[EventRounds "6"]
[EventCountry "GER"]
[SourceTitle "Corr 2015"]
[Source "ChessBase"]
[SourceDate "2015.07.17"]
[SourceVersion "1"]
[SourceVersionDate "2015.07.17"]
[SourceQuality "1"]

1. e4 c5 2. Bc4 Nc6 3. Nf3 e6 4. e5 Qc7 5. 0-0 f6 6. Nc3 fxe5 7. d3 a6 8. a4 Nf6 9. Ne4 d5 10. Nxf6+ gxf6 11. Bb3 Bd7 12. c4 d4 13. Bd2 0-0-0 14. Bc2 h5 15. Qe2 h4 16. h3 Bh6 17. Bxh6 Rxh6 18. a5 Rg8 19. Kh1 Ne7 20. Qd2 Rhg6 21. Nxh4 R6g7 22. Rg1 Rh8 23. Nf3 Bc6 24. Qd1 Ng6 25. Ba4 Nf4 26. Bxc6 Qxc6 27. Kh2 e4 28. dxe4 Qxe4 29. Qf1 Rgh7 30. Ra3 d3 31. Kg3 Qf5 32. h4 Ng6 33. Qc1 Nxh4 0-1

[Event "Remote 4er 0239 email"]
[Site "Remote email"]
[Date "2014.01.17"]
[Round "?"]
[White "Bonow, Valdir Maas"]
[Black "Valverde Lopez, Mario"]
[Result "0-1"]
[WhiteElo "1905"]
[BlackElo "2021"]
[PlyCount "40"]
[EventDate "2014.??.??"]
[EventType "tourn (corr)"]
[EventRounds "6"]
[EventCountry "GER"]
[SourceTitle "Corr 2015"]
[Source "ChessBase"]
[SourceDate "2015.07.17"]
[SourceVersion "1"]
[SourceVersionDate "2015.07.17"]
[SourceQuality "1"]

1. e4 g5 2. d4 h6 3. Nc3 Bg7 4. Nf3 d6 5. Be2 g4 6. Ng1 Nc6 7. Be3 h5 8. Bc4 Nf6 9. Nge2 a6 10. 0-0 h4 11. Qd2 h3 12. gxh3 Rxh3 13. Nf4 Rh8 14. Be2 e6 15. Rad1 b5 16. Kh1 b4 17. Nb1 Nxe4 18. Qe1 Qh4 19. h3 e5 20. Nd5 Qxh3+ 0-1

[Event "Remote 4er 0238 email"]
[Site "Remote email"]
[Date "2013.12.19"]
[Round "?"]
[White "Camacho, Carlos Eduardo"]
[Black "Valverde Lopez, Mario"]
[Result "1-0"]
[WhiteElo "2301"]
[BlackElo "1988"]
[PlyCount "117"]
[EventDate "2013.??.??"]
[EventType "tourn (corr)"]
[EventRounds "6"]
[EventCountry "GER"]
[SourceTitle "Corr 2015"]
[Source "ChessBase"]
[SourceDate "2015.07.17"]
[SourceVersion "1"]
[SourceVersionDate "2015.07.17"]
[SourceQuality "1"]

1. d4 e5 2. dxe5 Nc6 3. Nf3 Qe7 4. Nc3 Nxe5 5. e4 Nxf3+ 6. Qxf3 Nf6 7. Be2 d6 8. Bg5 c6 9. 0-0-0 h6 10. Bxf6 Qxf6 11. Qxf6 gxf6 12. Rhe1 Rg8 13. Bf3 Bd7 14. Ne2 0-0-0 15. Ng3 Kc7 16. Bh5 Rg7 17. Rd2 Re8 18. Red1 b6 19. f4 b5 20. Kb1 a5 21. Bf3 Rg8 22. Nh5 Be7 23. f5 Rd8 24. Nf4 Rge8 25. Rd4 Bc8 26. c4 b4 27. Bh5 Rf8 28. Kc2 a4 29. b3 axb3+ 30. axb3 Rde8 31. Ra1 Bb7 32. Rd2 Bd8 33. Bf3 Be7 34. Kd3 Ra8 35. Rda2 Rxa2 36. Rxa2 Kb8 37. g3 Bd8 38. Nh3 Bb6 39. Ra4 Bc5 40. Nf4 Bg1 41. Rxb4 Bxh2 42. e5 Kc8 43. e6 Kc7 44. Bh5 Bxg3 45. Ne2 fxe6 46. fxe6 Be1 47. e7 Rb8 48. Rxb7+ Kxb7 49. Nd4 d5 50. c5 Bb4 51. Ne6 Rg8 52. Bg6 Rc8 53. Nd8+ Kc7 54. e8Q Rxd8 55. Qe3 Ba3 56. b4 Rd7 57. Bf5 Rg7 58. Qe6 Kb7 59. Qc8+ 1-0

[Event "Remote 4er 0238 email"]
[Site "Remote email"]
[Date "2013.12.19"]
[Round "?"]
[White "Werner, Hansruedi"]
[Black "Valverde Lopez, Mario"]
[Result "0-1"]
[WhiteElo "2030"]
[BlackElo "2021"]
[PlyCount "54"]
[EventDate "2013.??.??"]
[EventType "tourn (corr)"]
[EventRounds "6"]
[EventCountry "GER"]
[SourceTitle "Corr 2015"]
[Source "ChessBase"]
[SourceDate "2015.07.17"]
[SourceVersion "1"]
[SourceVersionDate "2015.07.17"]
[SourceQuality "1"]

1. e4 e5 2. f4 Qh4+ 3. g3 Qe7 4. fxe5 d6 5. Nc3 dxe5 6. Nf3 Nc6 7. Bc4 Bg4 8. Nd5 Qd7 9. 0-0 Bc5+ 10. Kh1 Bh3 11. b4 Bxf1 12. Qxf1 Bd6 13. b5 Na5 14. d4 Nxc4 15. Qxc4 Qg4 16. Kg2 Ne7 17. Nxe7 Bxe7 18. Qxf7+ Kxf7 19. Nxe5+ Ke6 20. Nxg4 a6 21. d5+ Kd7 22. Bb2 axb5 23. Bxg7 Rhg8 24. Nf6+ Bxf6 25. Bxf6 c6 26. Bd4 cxd5 27. exd5 Kd6 0-1

[Event "Remote 4er 0237 email"]
[Site "Remote email"]
[Date "2013.12.09"]
[Round "?"]
[White "Valverde Lopez, Mario"]
[Black "Traut, Gerhard"]
[Result "0-1"]
[WhiteElo "2068"]
[BlackElo "2294"]
[PlyCount "86"]
[EventDate "2013.??.??"]
[EventType "tourn (corr)"]
[EventRounds "6"]
[EventCountry "GER"]
[SourceTitle "Corr 2015"]
[Source "ChessBase"]
[SourceDate "2015.07.17"]
[SourceVersion "1"]
[SourceVersionDate "2015.07.17"]
[SourceQuality "1"]

1. b4 e5 2. Bb2 Bxb4 3. Bxe5 Nf6 4. a3 Ba5 5. e3 d5 6. Nf3 0-0 7. Nc3 Nbd7 8. Bf4 Nc5 9. Be2 Bxc3 10. dxc3 Nfe4 11. c4 Nc3 12. Qd4 Nxe2 13. Kxe2 Ne6 14. Qxd5 Nxf4+ 15. exf4 Re8+ 16. Kf1 Be6 17. Qxd8 Raxd8 18. c5 Rd5 19. c6 b6 20. h3 Rd6 21. g4 Rxc6 22. Nd4 Bc4+ 23. Kg2 Bd5+ 24. f3 Rc3 25. Rhf1 a6 26. Rad1 Bc4 27. Rfe1 Rxe1 28. Rxe1 Kf8 29. a4 Bd5 30. Re5 Bb7 31. Kf2 c5 32. Nf5 Rxc2+ 33. Ke3 a5 34. Nd6 Bc6 35. Rh5 Rc3+ 36. Kd2 Rxf3 37. Rxh7 Kg8 38. Rh5 f6 39. Nc8 g6 40. Rh4 Bxa4 41. f5 g5 42. Rh6 c4 43. Ke2 c3 0-1

[Event "Remote 11er 0045 email"]
[Site "Remote email"]
[Date "2013.11.17"]
[Round "?"]
[White "Valverde Lopez, Mario"]
[Black "Bonow, Valdir Maas"]
[Result "1-0"]
[WhiteElo "2068"]
[BlackElo "1905"]
[PlyCount "35"]
[EventDate "2013.??.??"]
[EventType "tourn (corr)"]
[EventRounds "10"]
[EventCountry "GER"]
[SourceTitle "Corr 2015"]
[Source "ChessBase"]
[SourceDate "2015.07.17"]
[SourceVersion "1"]
[SourceVersionDate "2015.07.17"]
[SourceQuality "1"]

1. g4 e5 2. Bg2 Nc6 3. Nc3 Nf6 4. g5 Ng8 5. d3 Be7 6. Nf3 f6 7. h4 fxg5 8. hxg5 h6 9. Nd5 d6 10. c4 Bg4 11. b4 a6 12. b5 axb5 13. cxb5 Nd4 14. Nxd4 exd4 15. Qc2 Rc8 16. Qc4 Bxg5 17. Qxd4 Bf6 18. Qe4+ 1-0

[Event "Remote 11er 0045 email"]
[Site "Remote email"]
[Date "2013.11.17"]
[Round "?"]
[White "Valverde Lopez, Mario"]
[Black "Grimm, Wolfgang"]
[Result "1-0"]
[WhiteElo "2021"]
[BlackElo "1903"]
[PlyCount "67"]
[EventDate "2013.??.??"]
[EventType "tourn (corr)"]
[EventRounds "10"]
[EventCountry "GER"]
[SourceTitle "Corr 2015"]
[Source "ChessBase"]
[SourceDate "2015.07.17"]
[SourceVersion "1"]
[SourceVersionDate "2015.07.17"]
[SourceQuality "1"]

1. e4 d5 2. exd5 Qxd5 3. Nc3 Qd6 4. d4 Nf6 5. Nf3 Nc6 6. Nb5 Qd8 7. d5 Nb4 8. c4 Bd7 9. a3 Bxb5 10. axb4 Bd7 11. c5 e6 12. dxe6 Bxe6 13. Qxd8+ Kxd8 14. Bd2 Bd5 15. Be2 b6 16. Be3 a5 17. 0-0 axb4 18. Rxa8+ Bxa8 19. Ne5 Bd5 20. cxb6 Bd6 21. Nc4 Bxc4 22. Bxc4 Ng4 23. b7 Kd7 24. Ba7 Bxh2+ 25. Kh1 c6 26. g3 Kc7 27. b8B+ Rxb8 28. Bxb8+ Kxb8 29. Bxf7 Kc7 30. Kg2 Bxg3 31. Kxg3 Ne5 32. Re1 Nd3 33. Re2 c5 34. Bc4 1-0

[Event "Remote 11er 0045 email"]
[Site "Remote email"]
[Date "2013.11.17"]
[Round "?"]
[White "Valverde Lopez, Mario"]
[Black "Traut, Gerhard"]
[Result "0-1"]
[WhiteElo "2068"]
[BlackElo "2294"]
[PlyCount "80"]
[EventDate "2013.??.??"]
[EventType "tourn (corr)"]
[EventRounds "10"]
[EventCountry "GER"]
[SourceTitle "Corr 2015"]
[Source "ChessBase"]
[SourceDate "2015.07.17"]
[SourceVersion "1"]
[SourceVersionDate "2015.07.17"]
[SourceQuality "1"]

1. e4 e6 2. d4 d5 3. exd5 exd5 4. Bd3 Bd6 5. Nf3 Nf6 6. 0-0 0-0 7. Bg5 Bg4 8. Nc3 c6 9. Be3 Re8 10. h3 Bh5 11. a4 Nbd7 12. Re1 Ne4 13. a5 Bc7 14. g4 Bg6 15. Bg5 f6 16. Bd2 Nf8 17. Ne2 Ne6 18. a6 b5 19. Nc3 Nxd2 20. Qxd2 Nf4 21. Rxe8+ Qxe8 22. Re1 Nxh3+ 23. Kh1 Qd7 24. Bxg6 hxg6 25. Qe3 Nf4 26. Ne2 Re8 27. Ne5 fxe5 28. Nxf4 e4 29. Nh3 Qxg4 30. Rg1 Qh4 31. f4 Bxf4 32. Qxf4 Qxh3+ 33. Qh2 Qf3+ 34. Qg2 Qh5+ 35. Qh2 Qf5 36. Qe2 e3 37. Rg3 Qh5+ 38. Qxh5 gxh5 39. Rg1 e2 40. Re1 g5 0-1

[Event "Remote 4er 0235 email"]
[Site "Remote email"]
[Date "2013.10.09"]
[Round "?"]
[White "Valverde Lopez, Mario"]
[Black "Wittig, Frank"]
[Result "1/2-1/2"]
[WhiteElo "2068"]
[BlackElo "2313"]
[PlyCount "50"]
[EventDate "2013.??.??"]
[EventType "tourn (corr)"]
[EventRounds "6"]
[EventCountry "GER"]
[SourceTitle "Corr 2015"]
[Source "ChessBase"]
[SourceDate "2015.07.17"]
[SourceVersion "1"]
[SourceVersionDate "2015.07.17"]
[SourceQuality "1"]

1. e4 e5 2. Nf3 Nc6 3. d4 exd4 4. Nxd4 Nf6 5. Nxc6 bxc6 6. e5 Qe7 7. Qe2 Nd5 8. c4 Nb6 9. Nc3 Qe6 10. Qe4 d5 11. exd6 Bxd6 12. Bd3 f5 13. Qxe6+ Bxe6 14. b3 Nd7 15. 0-0 Nc5 16. Bc2 Be5 17. Bb2 Kf7 18. Rae1 Bf6 19. Re3 Rad8 20. Ba3 Nb7 21. Bc1 Rhe8 22. Ne2 g5 23. Rh3 Bc8 24. Ng3 Kg6 25. Nh5 Re2 1/2-1/2

[Event "Remote Jubilee Gr.C email"]
[Site "Remote email"]
[Date "2013.09.02"]
[Round "?"]
[White "Carlsen, Torben Erik"]
[Black "Valverde Lopez, Mario"]
[Result "1-0"]
[WhiteElo "2337"]
[BlackElo "2068"]
[PlyCount "61"]
[EventDate "2013.??.??"]
[EventType "tourn (corr)"]
[EventRounds "11"]
[EventCountry "GER"]
[SourceTitle "Corr 2015"]
[Source "ChessBase"]
[SourceDate "2015.07.17"]
[SourceVersion "1"]
[SourceVersionDate "2015.07.17"]
[SourceQuality "1"]

1. e4 e5 2. Nc3 Nf6 3. f4 d5 4. fxe5 Nxe4 5. Nf3 Nc6 6. Bb5 Bc5 7. Na4 Bf2+ 8. Kf1 Bb6 9. Nxb6 axb6 10. d3 Nc5 11. Bg5 Qd7 12. b4 Ne6 13. Bh4 0-0 14. Kg1 Qe8 15. c4 dxc4 16. d4 Ra3 17. Bxc4 Nxb4 18. Rb1 Nxa2 19. Qd2 Qa4 20. Bxe6 Bxe6 21. Be7 Rxf3 22. gxf3 Re8 23. Bg5 b5 24. d5 Bh3 25. Kf2 h6 26. Bf4 b4 27. Rbg1 Kh7 28. Rxg7+ Kxg7 29. Rg1+ Kh8 30. e6 Kh7 31. Be5 1-0

[Event "Remote Jubilee Gr.C email"]
[Site "Remote email"]
[Date "2013.09.02"]
[Round "?"]
[White "Peschen, Rainer"]
[Black "Valverde Lopez, Mario"]
[Result "1/2-1/2"]
[WhiteElo "2221"]
[BlackElo "2068"]
[PlyCount "51"]
[EventDate "2013.??.??"]
[EventType "tourn (corr)"]
[EventRounds "11"]
[EventCountry "GER"]
[SourceTitle "Corr 2015"]
[Source "ChessBase"]
[SourceDate "2015.07.17"]
[SourceVersion "1"]
[SourceVersionDate "2015.07.17"]
[SourceQuality "1"]

1. d4 d5 2. e4 dxe4 3. Nc3 c6 4. Bc4 Nf6 5. f3 b5 6. Bb3 e6 7. fxe4 c5 8. Bf4 a6 9. dxc5 Qxd1+ 10. Rxd1 Bb7 11. Bd6 Nxe4 12. Nxe4 Bxe4 13. Nf3 Nd7 14. Ng5 Bxg2 15. Rg1 Bc6 16. Rf1 Nf6 17. Bxe6 fxe6 18. Nxe6 Rc8 19. Bxf8 Rxf8 20. Nxf8 Kxf8 21. b4 Ke7 22. Rd4 Ke6 23. Kd2 a5 24. Re1+ Kf5 25. a3 axb4 26. axb4 1/2-1/2

[Event "Remote Jubilee Gr.C email"]
[Site "Remote email"]
[Date "2013.09.02"]
[Round "?"]
[White "Rogovsky, Daniel Javier"]
[Black "Valverde Lopez, Mario"]
[Result "0-1"]
[WhiteElo "2115"]
[BlackElo "2021"]
[PlyCount "106"]
[EventDate "2013.??.??"]
[EventType "tourn (corr)"]
[EventRounds "11"]
[EventCountry "GER"]
[SourceTitle "Corr 2015"]
[Source "ChessBase"]
[SourceDate "2015.07.17"]
[SourceVersion "1"]
[SourceVersionDate "2015.07.17"]
[SourceQuality "1"]

1. e4 e6 2. d4 d5 3. Nc3 dxe4 4. Nxe4 Qd5 5. Bd3 Nf6 6. Nxf6+ gxf6 7. Nf3 Rg8 8. Rg1 Bd7 9. Bxh7 Rh8 10. Bd3 Nc6 11. c3 e5 12. Qe2 0-0-0 13. Be4 Qd6 14. dxe5 Nxe5 15. Bf4 Kb8 16. Rd1 Nd3+ 17. Rxd3 Qxf4 18. Qe3 Qg4 19. h3 Qg7 20. Kd2 f5 21. Bd5 f4 22. Qe2 Re8 23. Qd1 c6 24. Qa4 Kc8 25. Bb3 Bc5 26. Nd4 Rxh3 27. Rxh3 Bxh3 28. Nxc6 Bxf2 29. Nxa7+ Kd8 30. Rd1 Bg4 31. Qa5+ Ke7 32. Qb4+ Kf6 33. Qxf4+ Bf5 34. Qd6+ Kg5 35. Rh1 Be3+ 36. Kd1 f6 37. Qd5 Re5 38. Qf7 Qxf7 39. Bxf7 Bxa7 40. Bc4 Bf2 41. a4 Be4 42. Rh8 Bg3 43. b4 f5 44. a5 Bxg2 45. a6 bxa6 46. Bxa6 f4 47. Rg8+ Kf6 48. Bd3 Kf7 49. Rd8 f3 50. Bc4+ Ke7 51. Rg8 Bh4 52. Rg4 Bf6 53. b5 Rc5 0-1

[Event "Remote Jubilee Gr.C email"]
[Site "Remote email"]
[Date "2013.09.02"]
[Round "?"]
[White "Valverde Lopez, Mario"]
[Black "Ryska, Jiri"]
[Result "0-1"]
[WhiteElo "2068"]
[BlackElo "2258"]
[PlyCount "70"]
[EventDate "2013.??.??"]
[EventType "tourn (corr)"]
[EventRounds "11"]
[EventCountry "GER"]
[SourceTitle "Corr 2015"]
[Source "ChessBase"]
[SourceDate "2015.07.17"]
[SourceVersion "1"]
[SourceVersionDate "2015.07.17"]
[SourceQuality "1"]

1. d4 Nf6 2. g4 Nxg4 3. e4 d6 4. Be2 Nf6 5. Nc3 d5 6. exd5 Nxd5 7. Nf3 Nc6 8. 0-0 g6 9. Bc4 Nxc3 10. bxc3 Na5 11. Bd3 Bg7 12. Re1 0-0 13. Qe2 Re8 14. Bf4 b6 15. Be4 Bb7 16. Qd3 e6 17. Bxb7 Nxb7 18. Rad1 Nd6 19. c4 Rc8 20. Be5 Nf5 21. Bf4 c5 22. d5 exd5 23. cxd5 Qd7 24. c4 b5 25. Bg3 Nd4 26. Kg2 h5 27. Rxe8+ Rxe8 28. Nxd4 cxd4 29. Rc1 g5 30. h3 h4 31. Bh2 g4 32. Kh1 bxc4 33. Qxc4 Qf5 34. Qf1 gxh3 35. Bc7 d3 0-1

[Event "Remote 7er 0099 email"]
[Site "Remote email"]
[Date "2013.08.12"]
[Round "?"]
[White "Richter, Wolfgang"]
[Black "Valverde Lopez, Mario"]
[Result "0-1"]
[WhiteElo "2348"]
[BlackElo "1988"]
[PlyCount "100"]
[EventDate "2013.??.??"]
[EventType "tourn (corr)"]
[EventRounds "6"]
[EventCountry "GER"]
[SourceTitle "Corr 2015"]
[Source "ChessBase"]
[SourceDate "2015.07.17"]
[SourceVersion "1"]
[SourceVersionDate "2015.07.17"]
[SourceQuality "1"]

1. e4 e5 2. Nc3 Nf6 3. Nf3 Nc6 4. Bc4 Bc5 5. d3 d6 6. 0-0 0-0 7. Bg5 h6 8. Bxf6 Qxf6 9. Nd5 Qd8 10. c3 Ne7 11. Ne3 c6 12. Qc2 Bb6 13. a4 Ng6 14. d4 exd4 15. Nxd4 Nf4 16. Rfd1 Re8 17. Rd2 a6 18. Rad1 Bc7 19. Ndf5 Bxf5 20. Nxf5 Qg5 21. g3 Nh3+ 22. Kf1 Qg4 23. Nxd6 Bxd6 24. Be2 Qxe4 25. Qxe4 Rxe4 26. Rxd6 Rae8 27. Rd8 Rxe2 28. Rxe8+ Rxe8 29. f4 g5 30. Rd7 Rb8 31. Kg2 g4 32. b4 h5 33. Kf1 Kg7 34. a5 Kf6 35. Rd6+ Ke7 36. Rh6 Rd8 37. Ke2 Rd5 38. Ke3 Rb5 39. Rh8 Ng1 40. Rh6 Nf3 41. h4 Nh2 42. Ke2 Nf3 43. Ke3 Rd5 44. c4 Nd4 45. Kf2 Nf5 46. Rxh5 Nxg3 47. Rh8 Rd3 48. Rg8 Rf3+ 49. Kg2 f5 50. Rg7+ Kf6 0-1

[Event "Remote 11er 0044 email"]
[Site "Remote email"]
[Date "2013.07.08"]
[Round "?"]
[White "Bonow, Valdir Maas"]
[Black "Valverde Lopez, Mario"]
[Result "0-1"]
[WhiteElo "1905"]
[BlackElo "2068"]
[PlyCount "52"]
[EventDate "2013.??.??"]
[EventType "tourn (corr)"]
[EventRounds "10"]
[EventCountry "GER"]
[SourceTitle "Corr 2015"]
[Source "ChessBase"]
[SourceDate "2015.07.17"]
[SourceVersion "1"]
[SourceVersionDate "2015.07.17"]
[SourceQuality "1"]

1. d4 f5 2. Nf3 Nf6 3. g3 e6 4. Bg2 Be7 5. 0-0 0-0 6. c4 d6 7. b4 Ne4 8. Bb2 a5 9. b5 Nd7 10. Nbd2 a4 11. a3 c6 12. bxc6 bxc6 13. Qc2 Ndf6 14. e3 Ba6 15. Qxa4 Qe8 16. Qc2 Qh5 17. h3 d5 18. Ne5 Nxd2 19. Qxd2 Bd6 20. Nxc6 Bxc4 21. Rfc1 Ne4 22. Qd1 Be2 23. Qc2 Bf3 24. Bxf3 Qxf3 25. Ne5 Bxe5 26. dxe5 Rac8 0-1